| 000 | 00000nam##2200000za#4500 |
| 001 | 9.601126 |
| 003 | CaOODSP |
| 005 | 20210624205923 |
| 007 | cr ||||||||||| |
| 008 | 150406|2006||||xxc|||||o f|0| 0 fre|d |
| 040 | |aCaOODSP|bfre |
| 043 | |an-cn--- |
| 086 | 1 |aIu182-2/2006-C-05F-PDF |
| 110 | 1 |aCanada. |bIndustrie Canada. |bDirection générale de l'analyse de la politique micro-économique. |
| 245 | 10|aChoix des domaines d'études dans les universités canadiennes / |h[ressource électronique]|c[par] Brahim Boudarbat, Claude Montmarquette. |
| 260 | |aOttawa - Ontario : |bIndustrie Canada. |
| 300 | |a68p.|bgraphiques, références, tableaux |
| 490 | 1 |aInitiative de recherche sur les compétences - Collection Documents de travail|v2006 C-05 |
| 546 | |a(Abstract in English.) |
| 590 | |a12-10-Supp|b2012-03-23 |
| 720 | 1 |aMontmarquette, Claude |
| 720 | 1 |aBoudarbat, Brahim |
| 830 | #0|aInitiative de recherche sur les compétences - Collection Documents de travail ;|v2006 C-05|w(CaOODSP)9.502786 |
| 856 | 40|ahttp://publications.gc.ca|qPDF|s1.12 Mo|uhttps://publications.gc.ca/collections/collection_2011/ic/Iu182-2-2006-C-05-eng.pdf|y2006 C-05 |